00905nam a2200169 a 45000010005000000030009000050080041000140400028000550820015000831000022000982450140001202500007002602600034002673000014003014900394003156500026007095759CO-ViMGA141112s2004 ck r 000 u spa d aCO-ViMGAbspacCO-ViMGA04aR809 R468u1 aRiquer, Martin de10aHistoria de la literatura universal : bcon textos antológicos y resumenes argumentales / cRiquer Martin de , Valverde Jose María  a2a aBarcelona : bPlaneta, c1991 a10 v : il aContenido : V.1, La literatura antigua en griego y en latin; V.2, Literaturas medievales de transmisión oral; V.3, Literaturas medievales de trasmición escrita; V.4, El renacimiento, desde sus preliminares; V.5, Reforma contrareforma y barroco; V.6, Edad de la razón y prerromanticismo; V.7, Romanticismo; V.8, La entrada al siglo XX; V.9 - V.10, De las vanguardias a nuestros días14aLITERATURA - HISTORIA